00587nam a2200181Ia 450000500170000000800410001704000190005804100120007708200160008910000200010524500790012526000390020430000140024350400500025765000440030765100440035185000100039520230316102020.0131103s9999 xx 000 0 und d aLoreto College aEnglish a891.44bMAI aMaiti, Nandalal aPrachin Bharatiya ganiter itibrittab prachin o madhyayug cNandalal Maiti aCalcuttabPharma KLM Pvt Ltdc1983 axvi,264p  aIncludes bibliographical references and index aMath - Indian procedure, ancient period aMath - Indian procedure, medival period aLCLIB